Statistics for YNW Melly Charting Songs (Billboard Hot 100)

Click here to take the quiz!

General Stats

  • This quiz has been taken 28 times
    (24 since last reset)
  • The average score is 4 of 5

Answer Stats

AlbumWeeks OnPeakArtist(s)Song% Correct
I Am You20 Weeks#14YNW MellyMurder On My Mind
94%
Melly vs. Melvin20 Weeks#20YNW Melly & Juice WRLDSuicidal
88%
I Am You18 Weeks#42YNW Melly ft. Kanye WestMixed Personalities
88%
Melly vs. Melvin19 Weeks#34YNW Melly & 9LOKKNINE223's
82%
A Love Letter to You 44 Weeks#60Trippie Redd ft. Juice WRLD & YNW Melly6 Kiss
53%

Score Distribution

Percentile by Number Answered

Percent of People with Each Score

Your Score History

You have not taken this quiz since the last reset